000 00426nam a2200169Ia 4500
003 GCL
008 140319s9999 xx 000 0 eng d
040 _aGCL /
_cGCL
082 0 4 _a861
_bA A
100 1 _aALBERTI, RAFAEL
245 1 0 _aANTOLOGIA POETICA /
_cALBERTI, RAFAEL
260 _a[S.N] :
_bA LIANZA EDITORIAL ،
_c1986
300 _a260 P
650 0 4 _aLITERATURE
650 0 4 _aSPANISH LITERATURE
942 _2ddc
_cBK
999 _c23602
_d23602